000 00595nam a2200193Ia 4500
001 4378
003 GE_BSU
008 181216s||||||||xx |||||||||||||| ||und||
040 _cGE_BSU
080 _a551.46:553.98
100 _aСоколов,Б.А. Гайнанов,А.Г. Несмеянов,Д.В. Серегин,А.М.
245 _aНефтегазоносность морей и океанов.
260 _aМ.
260 _bНедра.
260 _c1973.
300 _a232 стр. 22 см.
653 _aНефтегазоносность морей и океанов.
942 _cBK
999 _c38368
_d38368